01324nam a22002537a 45000010005000000030006000050050017000110080041000280200018000690400029000870500021001160820011001371000022001482450059001702600038002293000049002674900036003165050008003525200579003605210029009395210020009686500047009887000035010357974FISKH20250815134400.0250815b cb ||||| |||| 00| 0 eng d a9789386106582 aFISKHbengcFISKHdFISKH aPN1995.H364 B357 a791.43 aBaker, Felicity  aRon Weasley : bCinematic Guide / cBy Felicity Baker aNew York : bScholastic , c2016. a64 pages : bcolor illustrations ;c23 cm .  aHarry Potter Cinematic Guidev3 aK  aThe Essential Film Companion for RON WEASLEY that's perfect for the youngest fans! Relive the magical moments when Ron Weasley proved just as courageous and loyal as his famous best friend, Harry Potter; whether he was facing the Slytherin Quidditch team or a forest of scary giant spiders! This collection of photographs and quotes from all eight HARRY POTTER films takes a closer look at Ron's life, including his time at Hogwarts, family and friends, and dangerous battles against the Dark Lord, Voldemort.The experience of this eBook will be best if viewed on a tablet. 8 a510 bLexile estimate 8 aK bRaz-Plus  aHarry Potter SeriesvChildren's literature aDeMonico, Rick eArt Director